000 00595nam a2200205Ia 4500
003 OSt
005 20220926045738.0
006 a|||||r|||| 00| 0
007 ta
008 220923b |||||||| |||| 00| 0 eng d
037 _cGeneral Book
040 _aRTL
_cRTL
_beng
041 _2eng
_aeng
082 _aX.3.N70<-L00, M1.1-M1.2/TD
100 _aFLOUD R
_9350665
245 0 _aEconomic history of Britian since 1700.
700 _a McCLOSKA D Ed.
_9350666
942 _hX.3.N70<-L00, M1.1-M1.2/TD
_cGB
_2CC
999 _c678583
_d678583